| 000 | 00639nam a22002417a 4500 | ||
|---|---|---|---|
| 003 | UA-OsUOA | ||
| 001 | 81192 | ||
| 007 | ta | ||
| 008 | 20120120b un ||||| |||| 00| 0 ukr d | ||
| 100 | _aТітов Ю. | ||
| 090 |
_a821.161.2-1 _bТ47 |
||
| 942 | _cBK | ||
| 040 |
_aUA-OsUOA _bukr _cUA-OsUOA _dUA-OsUOA |
||
| 245 |
_aЗачароване диво _bлірика |
||
| 300 | _a184 с. | ||
| 955 | _a3 | ||
| 041 | _aukr | ||
| 080 | _a821.161.2-1 | ||
| 020 | _a978-966-2044-28-7 | ||
| 260 |
_aК. _bБФ "Богуслав" _c2010 |
||
| 650 | 7 |
_a82 Література. Літературознавство _2UDC |
|
| 999 |
_c367480 _d367480 |
||